Z jakiego państwa są te kluby? #2 - Statystyki

Ogólne statystyki
  • Ten quiz został rozwiązany 151 razy
    103 od ostatniego zresetowania
  • Średni wynik to 10 z 12
Statystyki odpowiedzi
Obrazkowy Odpowiedź % Poprawnych
Polska
95%
Brazylia
92%
Czechy
90%
Monako
88%
Argentyna
87%
Belgia
86%
Węgry
85%
Holandia
80%
Irlandia
78%
Austria
77%
Finlandia
75%
Portugalia
68%
Nie znaleziono quizów pasujących do podanych kryteriów
Rozkład punktacji
Procent ludzi z każdym wynikiem
Percentyl według liczby udzielonych odpowiedzi
Twoja historia wyników
Nie rozwiązałeś tego quizu od ostatniego zresetowania